Educating health professionals in low-resource countries : (Record no. 229)

000 -LEADER
fixed length control field 02300cam a2200457 a 4500
001 - CONTROL NUMBER
control field 16422484
003 - CONTROL NUMBER IDENTIFIER
control field OSt
005 - DATE AND TIME OF LATEST TRANSACTION
control field 20210419052857.0
008 - FIXED-LENGTH DATA ELEMENTS--GENERAL INFORMATION
fixed length control field 100818s2011 nyua b 001 0 eng
010 ## - LIBRARY OF CONGRESS CONTROL NUMBER
LC control number 2010030641
016 7# - NATIONAL BIBLIOGRAPHIC AGENCY CONTROL NUMBER
Record control number 101550106
Source DNLM
020 ## - INTERNATIONAL STANDARD BOOK NUMBER
International Standard Book Number 9780826132574
020 ## - INTERNATIONAL STANDARD BOOK NUMBER
International Standard Book Number 082613257X
020 ## - INTERNATIONAL STANDARD BOOK NUMBER
International Standard Book Number 9780826132581 (ebook)
020 ## - INTERNATIONAL STANDARD BOOK NUMBER
International Standard Book Number 0826132588 (ebook)
035 ## - SYSTEM CONTROL NUMBER
System control number (OCoLC)ocn639163768
040 ## - CATALOGING SOURCE
Original cataloging agency DLC
Transcribing agency DLC
Modifying agency BTCTA
-- YDXCP
-- C#P
-- CUX
-- CDX
-- NLM
-- DLC
043 ## - GEOGRAPHIC AREA CODE
Geographic area code d------
050 00 - LIBRARY OF CONGRESS CALL NUMBER
Classification number R737
Item number .E2855 2011
060 00 - NATIONAL LIBRARY OF MEDICINE CALL NUMBER
Classification number 2010 M-864
060 10 - NATIONAL LIBRARY OF MEDICINE CALL NUMBER
Classification number W 18
080 ## - UNIVERSAL DECIMAL CLASSIFICATION NUMBER
Universal Decimal Classification number 37
Item number E-25
082 00 - DEWEY DECIMAL CLASSIFICATION NUMBER
Classification number 610.71/11724
Edition number 22
245 00 - TITLE STATEMENT
Title Educating health professionals in low-resource countries :
Remainder of title a global approach /
Statement of responsibility, etc. Joyce P. Murray ... [et al.].
260 ## - PUBLICATION, DISTRIBUTION, ETC.
Place of publication, distribution, etc. New York :
Name of publisher, distributor, etc. Springer Pub. Co. :
-- The Carter Center,
Date of publication, distribution, etc. c2011.
300 ## - PHYSICAL DESCRIPTION
Extent xxvi, 178 p. :
Other physical details ill. ;
Dimensions 26 cm.
504 ## - BIBLIOGRAPHY, ETC. NOTE
Bibliography, etc. note Includes bibliographical references and index.
505 0# - FORMATTED CONTENTS NOTE
Formatted contents note What is teaching? What is learning? What is active teaching learning? -- Theories and research supporting active teaching learning strategies -- Understanding the learner -- Teaching in classroom settings -- Tools for teaching -- Interactive group learning : the use of case studies, role play, simulations, problem-based learning, and service-learning -- Teaching in a clinical setting -- Evaluation and assessment -- The teacher as leader, role model, and mentor -- Training health care professionals in low-resource environments : applying active teaching learning strategies in Ethiopia.
650 #0 - SUBJECT ADDED ENTRY--TOPICAL TERM
Topical term or geographic name entry element Medical education
Geographic subdivision Developing countries.
650 12 - SUBJECT ADDED ENTRY--TOPICAL TERM
Topical term or geographic name entry element Education, Medical
General subdivision methods.
650 22 - SUBJECT ADDED ENTRY--TOPICAL TERM
Topical term or geographic name entry element Developing Countries.
653 ## - INDEX TERM--UNCONTROLLED
Uncontrolled term მედიცინა
-- სამედიცინო განათლება
-- განვითარებადი ქვეყნები
700 1# - ADDED ENTRY--PERSONAL NAME
Personal name Murray, Joyce P.
700 ## - ADDED ENTRY--PERSONAL NAME
Personal name Wenger, Z. Frances Anna
9 (RLIN) 48
700 ## - ADDED ENTRY--PERSONAL NAME
Personal name Downes, A. Elizabeth
9 (RLIN) 49
700 ## - ADDED ENTRY--PERSONAL NAME
Personal name Terrazas, B. Shelly
9 (RLIN) 50
906 ## - LOCAL DATA ELEMENT F, LDF (RLIN)
a 7
b cbc
c orignew
d 1
e ecip
f 20
g y-gencatlg
942 ## - ADDED ENTRY ELEMENTS (KOHA)
Source of classification or shelving scheme
Koha item type Books
Holdings
Withdrawn status Lost status Source of classification or shelving scheme Damaged status Not for loan Permanent location Current location Date acquired Inventory number Full call number Barcode Date last seen Price effective from Koha item type
          Ken Walker International University Ken Walker International University 11/13/2020 269 37 E-25 269 11/13/2020 11/13/2020 Books

Powered by Koha